| 000 | 01166nam0a2200313 4500 | ||
|---|---|---|---|
| 001 | RU\NLR\bibl\923256 | ||
| 005 | 20260405192312.0 | ||
| 010 |
_a5-353-02261-0 _9100000 |
||
| 021 |
_aRU _b2006-7662 _9367 |
||
| 035 | _a(NLR Aleph) 000911526 | ||
| 090 |
_a42720 _c42720 |
||
| 100 | _a20060329d2005 |||y0rusy50 ca | ||
| 101 | 0 | _arus | |
| 102 | _aRU | ||
| 105 | _aa ||||||||| | ||
| 200 | 1 |
_aПро любоff/on _e[лаконичный роман о жизни] _fОксана Робски _g[ил.: Ксения Зон-Зом, Наталья Торопицына] |
|
| 210 |
_aМосква _cРОСМЭН _cРОСМЭН-Пресс _d2005 |
||
| 215 |
_a315, [1] с. _cил. _d21 |
||
| 225 | 1 | _aЕй некогда любить себя / ему некогда любить других | |
| 320 | _aДр. кн. авт. на 4-й с. обл. | ||
| 686 | _aШ6(2=Р)75-440.4 | ||
| 700 | 1 |
_4070 _7ca _8rus _aРобски _bО. В. _f1968- _gОксана Викторовна _967138 _3RU\NLR\auth\7784210 |
|
| 801 | 0 |
_aRU _bNLR _c20060329 _grcr |
|
| 801 | 1 |
_aRU _bNLR _c20060329 |
|
| 942 | _cBOOK | ||
| 980 | _aNB | ||